Normal view
MARC view
Entry Personal Name
001 - CONTROL NUMBER
- control field: 22479
003 - CONTROL NUMBER IDENTIFIER
- control field: OSt
005 - DATE AND TIME OF LATEST TRANSACTION
- control field: 20210217122038.0
008 - FIXED-LENGTH DATA ELEMENTS
- fixed length control field: 210217|| aca||aabn | a|a d
040 ## - CATALOGING SOURCE
- Original cataloging agency: OSt
- Transcribing agency: OSt
100 ## - HEADING--PERSONAL NAME
- Personal name: Hodge & Johnson
670 ## - SOURCE DATA FOUND
- Source citation: Work cat.: (OSt): Hodge & Johnson , Management and organizational behavior , 1970
